|
|
|
|
| LEADER |
00000nam0a2200000 4500 |
| 001 |
43358 |
| 005 |
20231101210818.0 |
| 035 |
|
|
|a (RuTPU)RU\TPU\book\44837
|
| 090 |
|
|
|a 43358
|
| 100 |
|
|
|a 20021008d1974 m y0rusy50 ca
|
| 101 |
0 |
|
|a rus
|
| 102 |
|
|
|a RU
|
| 105 |
|
|
|a a g 001zy
|
| 200 |
1 |
|
|a Излучательные свойства твердых материалов
|e Справочник
|f Л. Н. Латыев, В. А. Петров, В. Я. Чеховской, Е. Н. Шестаков
|g Под ред. А. Е. Шейндлина
|
| 210 |
|
|
|a Москва
|c Энергия
|d 1974
|
| 215 |
|
|
|a 471 с.
|c ил.
|
| 300 |
|
|
|a Авт. указаны на обороте тит.
|
| 320 |
|
|
|a Списки лит. в конце глав.
|
| 606 |
1 |
|
|a Тепловое излучение
|2 stltpush
|3 (RuTPU)RU\TPU\subj\59539
|9 77049
|
| 610 |
1 |
|
|a физика
|
| 610 |
1 |
|
|a твердые материалы
|
| 610 |
1 |
|
|a тепловое излучение
|
| 610 |
1 |
|
|a излучение
|
| 610 |
1 |
|
|a температура
|
| 610 |
1 |
|
|a измерения
|
| 610 |
1 |
|
|a излучательные характеристики
|
| 610 |
1 |
|
|a сплавы
|
| 610 |
1 |
|
|a графит
|
| 610 |
1 |
|
|a карбиды
|
| 610 |
1 |
|
|a окислы
|
| 610 |
1 |
|
|a справочники
|
| 675 |
|
|
|a 536.23(03)
|v 3
|
| 701 |
|
1 |
|a Латыев
|b Л. Н.
|g Лев Николаевич
|
| 701 |
|
1 |
|a Петров
|b В. А.
|g Вадим Александрович
|
| 701 |
|
1 |
|a Чеховской
|b В. Я.
|g Виталий Яковлевич
|
| 701 |
|
1 |
|a Шестаков
|b Е. Н.
|g Евгений Николаевич
|
| 702 |
|
1 |
|a Шейндлин
|b А. Е.
|g Александр Ефимович
|4 340
|
| 801 |
|
1 |
|a RU
|b 63413507
|c 20021008
|g PSBO
|
| 801 |
|
2 |
|a RU
|b 63413507
|c 20191115
|g PSBO
|
| 942 |
|
|
|c BK
|